MARC details
| 000 -CABECERA |
| campo de control de longitud fija |
01788nam a2200289 i 4500 |
| 003 - IDENTIFICADOR DEL NÚMERO DE CONTROL |
| campo de control |
DO-SdBNP |
| 005 - FECHA Y HORA DE LA ÚLTIMA TRANSACCIÓN |
| campo de control |
20260304082350.0 |
| 007 - CAMPO FIJO DE DESCRIPCIÓN FÍSICA--INFORMACIÓN GENERAL |
| campo de control de longitud fija |
ta |
| 008 - DATOS DE LONGITUD FIJA--INFORMACIÓN GENERAL |
| campo de control de longitud fija |
260304b2025 dr ||||| |||| 00| 0 spa d |
| 020 ## - NÚMERO INTERNACIONAL ESTÁNDAR DEL LIBRO |
| Número Internacional Estándar del Libro |
9789945637885 |
| 040 ## - FUENTE DE LA CATALOGACIÓN |
| Centro catalogador/agencia de origen |
DO-SdBNP |
| Lengua de catalogación |
spa |
| Centro/agencia transcriptor |
BNPHU |
| Normas de descripción |
rda |
| 041 ## - CÓDIGO DE LENGUA |
| Código de lengua del texto/banda sonora o título independiente |
spa |
| 082 #4 - NÚMERO DE LA CLASIFICACIÓN DECIMAL DEWEY |
| Número de clasificación |
xxx |
| Número de documento/Ítem |
F953i 2025 |
| Número de edición |
22 |
| 100 1# - ENTRADA PRINCIPAL--NOMBRE DE PERSONA |
| Nombre de persona |
Fuel Liao, Yuan |
| Término indicativo de función/relación |
autor |
| Código de función/relación |
aut. |
| 9 (RLIN) |
89122 |
| 245 10 - MENCIÓN DE TÍTULO |
| Título |
Infi/mitos : |
| Resto del título |
lo ínfimo, lo íntimo y lo infinito / |
| Mención de responsabilidad, etc. |
Yuan Fuel Liao. |
| 250 ## - MENCIÓN DE EDICIÓN |
| Mención de edición |
Segunda edición, revisada y ampliada |
| 264 #4 - PRODUCCIÓN, PUBLICACIÓN, DISTRIBUCIÓN, FABRICACIÓN Y COPYRIGHT |
| Producción, publicación, distribución, fabricación y copyright |
Santo Domingo, República Dominicana : |
| Nombre del de productor, editor, distribuidor, fabricante |
Editorial Isla Negra, |
| Fecha de producción, publicación, distribución, fabricación o copyright |
©2025. |
| 300 ## - DESCRIPCIÓN FÍSICA |
| Extensión |
231 páginas ; |
| Dimensiones |
16 cm. |
| 336 ## - TIPO DE CONTENIDO |
| Término de tipo de contenido |
texto |
| Código de tipo de contenido |
txt |
| Fuente |
rdacontent |
| 337 ## - TIPO DE MEDIO |
| Nombre/término del tipo de medio |
sin mediación |
| Código del tipo de medio |
n |
| Fuente |
rdamedia |
| 338 ## - TIPO DE SOPORTE |
| Nombre/término del tipo de soporte |
volumen |
| Código del tipo de soporte |
nc |
| Fuente |
rdacarrier |
| 490 ## - MENCIÓN DE SERIE |
| Mención de serie |
Colección el canon secuestrado |
| 520 ## - SUMARIO, ETC. |
| Sumario, etc. |
Yuan Fuei Líao escribe desde la vocalidad orgánica de un saber sabroso; como el niño que descubre un mundo que se abre ante sí mientras repite en lo más íntimo, a escondidas (como los dioses), palabras prohibidas hechas mantras creacionales. Estos Infi/Mitos, marcaribeños por gravedad, llevan la palabra al origen y le devuelven su plasticidad acuosa y concomitante de logos spermatikos. Como en todo mito, lo ínfimo y lo infinito (polvo y humus) se integran dando paso a un sentido que desborda el simple nombrar. Así lo ínfimo de la palabra como partícula se transforma en juego de sonidos, jerga dominico/urbana, caligramas, paranomasia, en retruécanos y palimpsestos trasformadores; en fin: en el misterio (cruz/y/grama) multidimensional del lenguaje cuando alcanza el arte y que llamamos poesía.<br/>–Jorge David Capiello-Ortiz, profesor<br/>Universidad de Puerto Rico Humacao |
| 590 ## - NOTA LOCAL (RLIN) |
| Nota local |
Inventariado, 2026/LP |
| 910 ## - DATOS DE OPCIÓN DEL USUARIO (OCLC) |
| Datos de opción del usuario |
LP |
| 942 ## - ELEMENTOS DE PUNTO DE ACCESO ADICIONAL (KOHA) |
| Fuente del sistema de clasificación o colocación |
Dewey Decimal Classification |
| Tipo de ítem Koha |
Libro |